| 000 | 00442nam a2200145Ia 4500 | ||
|---|---|---|---|
| 008 | 210210b2000 xxu||||| |||| 00| 0 eng d | ||
| 082 | _a530.028 RAML | ||
| 100 | _aRAMACHANDRA (R) and RAO (Rama A H). | ||
| 245 | _aLaboratory manual in physics. II PUC. | ||
| 260 |
_aBangalore. _bExcellent Educational Enterprises _c2000 |
||
| 300 | _a36 | ||
| 650 | _aLaboratory Manual, Physics, II PUC | ||
| 690 | _aPhysics Practical | ||
| 906 | _a056428 | ||
| 999 |
_c103848 _d103848 |
||